000 00514nam a22001817a 4500
005 20251108164124.0
008 250721s1996 xx 000 0 ara d
082 1 4 _a218,32/طيب
100 1 _aالطيبي، عكاشه عبد المنان
245 1 0 _aمفاتيح الفرج /
264 1 _aبيروت :
_bدار ابن زيدون،
_c1996.
300 _a117ص
650 1 7 _aالأدعية الإسلامية
650 1 7 _aالإسلام
650 1 7 _aالشعائر
942 _2ddc
_cBK
999 _c4191
_d4191